000 00483nam a2200181Ia 4500
008 151202s9999||||xx |||||||||||||| ||und||
082 _bPNVM-23312
100 _aGADGIL D.R.
245 _aPLANNING & ECONOMIC POLICY IN INDIA.
260 _bASIA PUBLISHING HOUSE.
260 _c1962
300 _a272
600 _aGADGIL D.R.
630 _aPLANNING & ECONOMIC POLICY IN INDIA.
700 _aGADGIL D.R.
730 _aPLANNING & ECONOMIC POLICY IN INDIA.
942 _cBOOK
999 _c1289287
_d1289284